| 000 | 00365nam a2200133 4500 | ||
|---|---|---|---|
| 005 | 20260530115256.0 | ||
| 100 | 1 |
_aMarcia Simoes da Fontoura _930498 |
|
| 245 | 1 | 0 | _aColorantes Naturales para Algodón y Lana |
| 264 | 1 |
_bUNAM POSGARDO DI _c1985 |
|
| 300 | _a265 páginas | ||
| 336 |
_atexto _2rdacontent |
||
| 337 |
_asin medio _2rdamedia |
||
| 338 |
_avolumen _2rdacarrier |
||
| 999 |
_c12607 _d12607 |
||